[Event "AUTO-MASTER-349"]
[Site "http://www.queenalice.com/game.php?id=243209"]
[Date "2007.7.21"]
[Round "1"]
[White "ChrisDavison102"]
[Black "chorltonian"]
[Result "0-1"]
[WhiteElo "1920"]
[BlackElo "2097"]

1. e4 e6 2. d4 d5 3. Nd2 Nf6 4. e5 Nfd7 5. Bd3 c5 6. c3 Nc6 7. Ne2 cxd4 8. cxd4
f6 9. f4 fxe5 10. fxe5 Nxd4 11. Nxd4 Qh4+ 12. g3 Qxd4 13. Nf3 Qb6 14. Qe2 Be7
15. Be3 Qb4+ 16. Kf2 O-O 17. h4 Nxe5 18. Bc2 Nxf3 19. Kg2 e5 20. Rhf1 e4 21. b3
Bg4 22. Bf4 Nxh4+ 0-1

[Event "AUTO-MASTER-349"]
[Site "http://www.queenalice.com/game.php?id=243210"]
[Date "2007.7.21"]
[Round "1"]
[White "chorltonian"]
[Black "ChrisDavison102"]
[Result "1-0"]
[WhiteElo "2082"]
[BlackElo "1903"]

1. d4 Nf6 2. Nf3 d6 3. Nc3 Bg4 4. e4 Nbd7 5. Be2 c5 6. Be3 cxd4 7. Nxd4 Bxe2 8.
Qxe2 a6 9. f4 g6 10. O-O Bg7 11. Rad1 O-O 12. Kh1 Nc5 13. Qf3 Rc8 14. e5 dxe5
15. Ne6 Qa5 16. Nxf8 Kxf8 17. fxe5 Nfd7 18. Qxf7# 1-0

[Event "AUTO-MASTER-349"]
[Site "http://www.queenalice.com/game.php?id=243225"]
[Date "2007.7.21"]
[Round "1"]
[White "StenioVS"]
[Black "chorltonian"]
[Result "1-0"]
[WhiteElo "1832"]
[BlackElo "2102"]

1. d4 Nf6 2. c4 e6 3. g3 Bb4+ 4. Bd2 Qe7 5. Bg2 Nc6 6. Nf3 Bxd2+ 7. Nbxd2 d6 8.
O-O a5 9. Qc2 O-O 10. a3 e5 11. dxe5 dxe5 12. Ne4 Nd4 13. Nxf6+ Qxf6 14. Nxd4
exd4 15. Rfd1 c6 16. c5 Bg4 17. h3 Bh5 18. Be4 Bg6 19. Bxg6 hxg6 20. Rd3 Rfe8
21. Rad1 Rad8 22. Qd2 Qf5 23. b4 axb4 24. axb4 Re4 25. Kg2 Qe5 26. e3 Qd5 27.
Kh2 Qg5 28. Rxd4 Rexd4 29. exd4 Qd5 30. Qf4 Qc4 31. Qd2 Rd5 32. Kg2 1-0

[Event "AUTO-MASTER-349"]
[Site "http://www.queenalice.com/game.php?id=243226"]
[Date "2007.7.21"]
[Round "1"]
[White "chorltonian"]
[Black "StenioVS"]
[Result "0-1"]
[WhiteElo "2082"]
[BlackElo "1889"]

1. d4 d5 2. Nf3 Nf6 3. e3 e6 4. Bd3 Bd6 5. O-O O-O 6. b3 c5 7. Bb2 Nc6 8. a3 Qe7
9. Ne5 Nd7 10. f4 Bxe5 11. fxe5 f5 12. exf6 Nxf6 13. Nd2 e5 14. dxe5 Nxe5 15.
Bxe5 Qxe5 16. Qe1 Bd7 17. Nf3 Qe7 18. Qd2 Rae8 19. Rae1 b6 20. Ng5 h6 21. Nf3
Ne4 22. Bxe4 Qxe4 23. Qd3 Bf5 24. Qxe4 Rxe4 25. Nd2 Ree8 26. c4 dxc4 27. Nxc4
Bd3 28. Rxf8+ Kxf8 29. a4 Bxc4 30. bxc4 Re4 0-1

[Event "AUTO-MASTER-349"]
[Site "http://www.queenalice.com/game.php?id=243237"]
[Date "2007.7.21"]
[Round "1"]
[White "chorltonian"]
[Black "Lopesq"]
[Result "1-0"]
[WhiteElo "2017"]
[BlackElo "2039"]

1. d4 d5 2. Nf3 e6 3. e3 Nf6 4. Bd3 Be7 5. O-O c6 6. b3 Nbd7 7. Bb2 b5 8. Nbd2
Qc7 9. Ne5 O-O 10. f4 a5 11. g4 Nxe5 12. fxe5 Nd7 13. Qf3 Ba6 14. Qh3 g6 15. Qh6
Rfe8 16. Rxf7 1-0

[Event "AUTO-MASTER-349"]
[Site "http://www.queenalice.com/game.php?id=243238"]
[Date "2007.7.21"]
[Round "1"]
[White "Lopesq"]
[Black "chorltonian"]
[Result "1-0"]
[WhiteElo "1968"]
[BlackElo "2135"]

1. d4 Nf6 2. Nf3 e6 3. Bf4 b6 4. Nbd2 Bb7 5. e3 Be7 6. h3 O-O 7. Be2 Ne4 8. O-O
f5 9. Nc4 d6 10. a3 Nd7 11. c3 h6 12. Bh2 Kh8 13. Qb3 Qe8 14. Ncd2 Bf6 15. Rac1
g5 16. Nxe4 Bxe4 17. Bb5 g4 18. hxg4 fxg4 19. Nd2 Bb7 20. Bxd7 Qxd7 21. e4 e5
22. d5 Bg5 23. Rcd1 Qh7 24. c4 Bxd2 25. Rxd2 Qxe4 26. Qc3 Rf7 27. Rdd1 Ba6 28.
b3 Raf8 29. Rde1 Qg6 30. a4 h5 31. Bg3 Qg5 32. Bxe5+ dxe5 33. Rxe5 Qf6 34. Rxh5+
Rh7 35. Rxh7+ Kxh7 36. Qd3+ Qf5 37. Qg3 Qf4 38. Qh4+ Kg7 39. Qe7+ Rf7 40. Qh4
Bc8 41. g3 Qf6 42. Qh1 a5 43. Qe4 Bf5 44. Qe2 Qc3 45. Re1 1-0

[Event "capivara´s games"]
[Site "http://www.queenalice.com/game.php?id=253290"]
[Date "2007.8.11"]
[Round "-"]
[White "chorltonian"]
[Black "corinthians2"]
[Result "1/2-1/2"]
[WhiteElo "2138"]
[BlackElo "2074"]

1. e4 c5 2. Nc3 Nc6 3. g3 e6 4. Bg2 Nf6 5. d3 d5 6. exd5 exd5 7. Nge2 Be7 8. O-O
O-O 9. Bg5 Be6 10. Nf4 d4 11. Nxe6 fxe6 12. Ne4 Nxe4 13. Bxe7 Qxe7 14. Bxe4 Rf6
15. Bxc6 bxc6 16. Qd2 Raf8 17. Rae1 Qd6 18. Qa5 R8f7 19. Qa6 h6 20. Qc4 Qd5 21.
Qxd5 cxd5 22. Re5 1/2-1/2

[Event "Let's Play Chess!"]
[Site "http://www.queenalice.com/game.php?id=257541"]
[Date "2007.8.18"]
[Round "-"]
[White "chorltonian"]
[Black "jnable"]
[Result "1-0"]
[WhiteElo "2122"]
[BlackElo "2080"]

1. e4 e5 2. Bc4 Nf6 3. d3 Bc5 4. f4 Nc6 5. Nc3 d6 6. Nf3 Bg4 7. h3 Bxf3 8. Qxf3
Nd4 9. Qg3 Nxc2+ 10. Kd1 Nxa1 11. Qxg7 Rg8 12. Qxf7# 1-0

[Event "Challenge"]
[Site "http://www.queenalice.com/game.php?id=262816"]
[Date "2007.8.28"]
[Round "-"]
[White "Macuei"]
[Black "chorltonian"]
[Result "1-0"]
[WhiteElo "2178"]
[BlackElo "2095"]

1. e4 e6 2. d4 d5 3. Nc3 Nf6 4. Bg5 dxe4 5. Nxe4 Be7 6. Bxf6 Bxf6 7. Nf3 Nd7 8.
Qe2 O-O 9. O-O-O b6 10. Ne5 Bxe5 11. dxe5 Bb7 12. Qg4 Bxe4 13. Qxe4 Qe7 14. Bd3
g6 15. Bb5 Nc5 16. Qe3 Rfd8 17. b4 Nd7 18. Rd2 Rac8 19. Ba6 Rb8 20. Rhd1 c5 21.
Rd6 Nf8 22. bxc5 bxc5 23. Qxc5 Qg5+ 24. Qe3 Qxe3+ 25. fxe3 Rxd6 26. Rxd6 1-0

[Event "Challenge"]
[Site "http://www.queenalice.com/game.php?id=262817"]
[Date "2007.8.28"]
[Round "-"]
[White "chorltonian"]
[Black "Macuei"]
[Result "1/2-1/2"]
[WhiteElo "2135"]
[BlackElo "2191"]

1. e4 e5 2. Nf3 Nc6 3. Bb5 d6 4. d4 Bd7 5. Nc3 Nf6 6. Bxc6 Bxc6 7. Qd3 Be7 8.
dxe5 Nd7 9. exd6 Nc5 10. Qc4 Qxd6 11. Be3 O-O 12. Rd1 Qe6 13. Qxe6 fxe6 14. Ne5
Be8 15. O-O Bd6 16. Nc4 Be7 17. Ne5 Bd6 18. Nc4 Be7 19. Ne5 b6 1/2-1/2

[Event "Challenge"]
[Site "http://www.queenalice.com/game.php?id=266302"]
[Date "2007.9.3"]
[Round "-"]
[White "chorltonian"]
[Black "jnable"]
[Result "0-1"]
[WhiteElo "1972"]
[BlackElo "1989"]

1. e4 e5 2. Nf3 Nc6 3. Bb5 Bc5 4. c3 Nf6 5. O-O d6 6. d4 exd4 7. cxd4 Bb4 8. a3
Ba5 9. b4 Bb6 10. d5 a6 11. Ba4 Bd7 12. dxc6 Bxc6 13. Bxc6+ bxc6 14. Qc2 O-O 15.
Bg5 a5 16. Nbd2 h6 17. Bh4 g5 18. Bg3 Qd7 19. Nc4 d5 20. Nxb6 cxb6 21. exd5 cxd5
22. Nd4 Rac8 23. Qd3 Ne4 0-1

[Event "Let's Play Chess!"]
[Site "http://www.queenalice.com/game.php?id=273799"]
[Date "2007.9.19"]
[Round "-"]
[White "chorltonian"]
[Black "Panter"]
[Result "0-1"]
[WhiteElo "2111"]
[BlackElo "2282"]

1. d4 Nf6 2. Nf3 d5 3. e3 c6 4. c4 Bf5 5. cxd5 cxd5 6. Qb3 Qc7 7. Nc3 e6 8. Bd2
a6 9. Rc1 Nc6 10. a3 h6 11. Na4 Ne4 12. Nc5 Bxc5 13. dxc5 Rc8 14. Nd4 Nxd2 15.
Kxd2 O-O 16. Bd3 Nxd4 17. exd4 Qf4+ 18. Ke2 Qxd4 19. Rhd1 Bxd3+ 20. Rxd3 Qe5+
21. Kf1 Qxh2 22. Rh3 Qc7 23. Qe3 Rfd8 24. g4 d4 25. Qd2 Rd5 26. f4 Rxc5 0-1

[Event "Challenge"]
[Site "http://www.queenalice.com/game.php?id=275148"]
[Date "2007.9.21"]
[Round "-"]
[White "OLIMP2458"]
[Black "chorltonian"]
[Result "1-0"]
[WhiteElo "1952"]
[BlackElo "1990"]

1. e4 e6 2. d4 d5 3. Nc3 Nf6 4. e5 Nfd7 5. Nf3 c5 6. Nb5 a6 7. Nd6+ Bxd6 8. exd6
Qb6 9. dxc5 Nxc5 10. Qd4 O-O 11. b4 Na4 12. Qxb6 Nxb6 13. Be3 N6d7 14. c4 dxc4
15. Bxc4 Nc6 16. b5 axb5 17. Bxb5 Nb4 18. O-O Nc2 19. Rac1 Nxe3 20. fxe3 Rd8 21.
Rc7 f6 22. a4 Nb6 23. Ra1 Rxd6 24. Rac1 Rd8 25. Kf2 Nd5 26. R7c5 Bd7 27. Nd4
Bxb5 28. axb5 Kf7 29. h3 h6 30. Kf3 1-0

[Event "Challenge"]
[Site "http://www.queenalice.com/game.php?id=275150"]
[Date "2007.9.21"]
[Round "-"]
[White "chorltonian"]
[Black "OLIMP2458"]
[Result "1-0"]
[WhiteElo "2058"]
[BlackElo "2006"]

1. d4 Nf6 2. Nf3 d5 3. e3 e6 4. Bd3 c5 5. b3 Bd6 6. Bb2 Nbd7 7. Nbd2 O-O 8. Ne5
Qc7 9. f4 b6 10. O-O Bb7 11. c4 Rac8 12. Rc1 Ne4 13. cxd5 exd5 14. Nxe4 dxe4 15.
Bc4 Nf6 16. Ng4 Be7 17. dxc5 Rfd8 18. Qe2 Nd5 19. cxb6 Qxb6 20. Bd4 Bc5 21. Bxc5
Qxc5 22. Rfd1 Qb6 23. Kh1 h5 24. Bxd5 Rxc1 25. Bxf7+ Kxf7 26. Ne5+ Kg8 27. Rxc1
h4 28. Qc4+ Kh7 29. Nf7 Rc8 30. Ng5+ Kh8 31. Qxc8+ 1-0

[Event "¡Ajedrez!"]
[Site "http://www.queenalice.com/game.php?id=275714"]
[Date "2007.9.22"]
[Round "-"]
[White "chorltonian"]
[Black "jmarcen"]
[Result "1-0"]
[WhiteElo "2080"]
[BlackElo "2060"]

1. Nf3 Nf6 2. d4 c5 3. d5 e6 4. Nc3 Nxd5 5. Nxd5 exd5 6. Qxd5 d6 7. e4 Nc6 8.
Bf4 Be6 9. Qd2 Be7 10. Be2 O-O 11. Rd1 Re8 12. O-O Qb6 13. b3 Rad8 14. c4 Bf8
15. Rfe1 Bg4 16. h3 Bxf3 17. Bxf3 Nd4 18. Qc3 g6 19. Bg5 Bg7 20. Bxd8 Qxd8 21.
Qd3 Qg5 22. Qe3 Qh4 23. Qd3 Be5 24. Be2 Re6 25. Bg4 Rf6 26. g3 Qh6 27. f4 Bxf4
28. gxf4 1-0

[Event "AUTO-OPEN-741"]
[Site "http://www.queenalice.com/game.php?id=287137"]
[Date "2007.10.15"]
[Round "2"]
[White "E2TO"]
[Black "chorltonian"]
[Result "1-0"]
[WhiteElo "1722"]
[BlackElo "1944"]

1. e4 e6 2. d4 d5 3. e5 c5 4. c3 Qb6 5. Nf3 Nc6 6. a4 cxd4 7. Nxd4 Nxe5 8. Bb5+
Bd7 9. O-O Nf6 10. a5 Qc7 11. f4 Nc6 12. Kh1 Nxa5 13. Ba4 Bxa4 14. Qxa4+ Nc6 15.
Nf3 Bd6 16. Be3 O-O 17. Nbd2 a6 18. b4 1-0

[Event "AUTO-OPEN-741"]
[Site "http://www.queenalice.com/game.php?id=287138"]
[Date "2007.10.15"]
[Round "2"]
[White "chorltonian"]
[Black "E2TO"]
[Result "0-1"]
[WhiteElo "1919"]
[BlackElo "1747"]

1. d4 Nf6 2. Nf3 d5 3. e3 Bg4 4. c4 c6 5. Qb3 Qb6 6. Ne5 Qxb3 7. axb3 Bf5 8. Nc3
e6 9. f3 Bb4 10. Bd3 Nbd7 11. Bxf5 exf5 12. Nd3 Be7 13. O-O O-O 14. Re1 g6 15.
Bd2 a5 16. cxd5 cxd5 0-1

[Event "Challenge"]
[Site "http://www.queenalice.com/game.php?id=307468"]
[Date "2007.11.20"]
[Round "-"]
[White "cardi"]
[Black "chorltonian"]
[Result "1-0"]
[WhiteElo "2031"]
[BlackElo "1957"]

1. e4 e6 2. d4 d5 3. exd5 exd5 4. Nf3 Bg4 5. c3 Bd6 6. Bd3 Nc6 7. O-O Nge7 8.
Bg5 f6 9. Bh4 Qd7 10. Nbd2 Nf5 11. Re1+ Nce7 12. Bg3 Nxg3 13. fxg3 O-O-O 14. a4
Bf5 15. Nb3 1-0